Online
Catalog

¿Qué país es éste? : (Record no. 2989)

MARC details
000 -CABECERA
campo de control de longitud fija 01185cam a2200325 a 4500
001 - NÚMERO DE CONTROL
campo de control 000003158
005 - FECHA Y HORA DE LA ÚLTIMA TRANSACCIÓN
campo de control 20200929150340.0
008 - DATOS DE LONGITUD FIJA--INFORMACIÓN GENERAL
campo de control de longitud fija 971223s1996 mx b f001 0 spa
020 ## - NÚMERO INTERNACIONAL ESTÁNDAR DEL LIBRO
Número Internacional Estándar del Libro 9682983231
040 ## - FUENTE DE LA CATALOGACIÓN
Centro catalogador/agencia de origen DO-SdBNP
Lengua de catalogación spa
Centro/agencia transcriptor BNPHU
082 ## - NÚMERO DE LA CLASIFICACIÓN DECIMAL DEWEY
Número de clasificación 917.3
Número de documento/Ítem Q3p
245 01 - MENCIÓN DE TÍTULO
Título ¿Qué país es éste? :
Resto del título los Estados Unidos y los gringos vistos por escritores mexicanos de los siglos XIX y XX /
Mención de responsabilidad, etc. Emmanuel Carballo...[et al].
260 ## - PUBLICACIÓN, DISTRIBUCIÓN, ETC.
Lugar de publicación, distribución, etc. México :
Nombre del editor, distribuidor, etc. Consejo Nacional para la Cultura y las Artes,
Fecha de publicación, distribución, etc. 1996.
300 ## - DESCRIPCIÓN FÍSICA
Extensión 383 p. ;
Dimensiones 21 cm.
490 1# - MENCIÓN DE SERIE
Mención de serie Sello bermejo
651 #4 - PUNTO DE ACCESO ADICIONAL DE MATERIA--NOMBRE GEOGRÁFICO
Nombre geográfico Estados Unidos
Subdivisión general Descripciones Y Viajes
Subdivisión cronológica SIGLO XIX Y XX
9 (RLIN) 9973
700 1# - PUNTO DE ACCESO ADICIONAL--NOMBRE DE PERSONA
Nombre de persona Piccato, Pablo,
9 (RLIN) 9974
700 1# - PUNTO DE ACCESO ADICIONAL--NOMBRE DE PERSONA
Nombre de persona Pineda, Adela
9 (RLIN) 9975
700 1# - PUNTO DE ACCESO ADICIONAL--NOMBRE DE PERSONA
Nombre de persona Duffey, Patrick
9 (RLIN) 9976
700 1# - PUNTO DE ACCESO ADICIONAL--NOMBRE DE PERSONA
Nombre de persona Marentes, Luis Antonio
9 (RLIN) 9977
700 1# - PUNTO DE ACCESO ADICIONAL--NOMBRE DE PERSONA
Nombre de persona Gutiérrez, León Guillermo
9 (RLIN) 9978
700 1# - PUNTO DE ACCESO ADICIONAL--NOMBRE DE PERSONA
Nombre de persona Fernós, Patricia
9 (RLIN) 9979
700 1# - PUNTO DE ACCESO ADICIONAL--NOMBRE DE PERSONA
Nombre de persona González Pelayo, Irma
9 (RLIN) 9980
700 1# - PUNTO DE ACCESO ADICIONAL--NOMBRE DE PERSONA
Nombre de persona Brauchli, Leticia M.
9 (RLIN) 9981
700 1# - PUNTO DE ACCESO ADICIONAL--NOMBRE DE PERSONA
Nombre de persona Martín del Campo, Emma Molina
9 (RLIN) 9982
700 1# - PUNTO DE ACCESO ADICIONAL--NOMBRE DE PERSONA
Nombre de persona Chávez, Alba N.
9 (RLIN) 9983
700 1# - PUNTO DE ACCESO ADICIONAL--NOMBRE DE PERSONA
Nombre de persona Íñiguez, Marco Octavio
9 (RLIN) 9984
700 1# - PUNTO DE ACCESO ADICIONAL--NOMBRE DE PERSONA
Nombre de persona Grau-Llevería, Elena
9 (RLIN) 9985
830 #0 - PUNTO DE ACCESO ADICIONAL DE SERIE-TÍTULO UNIFORME
Título uniforme Sello bermejo.
9 (RLIN) 9986
Holdings
Estado de retiro Estado de pérdida Restricciones de uso No para préstamo Código de colección Localización permanente Ubicación/localización actual Ubicación en estantería Fecha de adquisición Número de inventario Total de préstamos Signatura topográfica completa Código de barras Fecha visto por última vez Precio válido a partir de Tipo de ítem Koha
    Préstamo interno   Monografías: Libros y Folletos General General Depósito 06.07.2009 LF1   917.3 Q3p 3158-10 25.06.2020 25.06.2020 Préstamo interno

Powered by Koha